Ultimate Latin Quiz - Statistics

General Stats
  • This quiz has been taken 7 times
  • The average score is 33 of 200
Answer Stats
English Latin % Correct
Bonus Expressions seize the day carpe diem
86%
Food/Drink water aqua
71%
Bonus Expressions and so on et cetera
71%
Family Members mother māter
71%
Family Members father pater
71%
Question Words who quis
71%
Seasons spring vēr
71%
Numbers (Cardinal) ten decem
57%
Subject Pronouns I ego
57%
Family Members daughter fīlia
57%
Family Members son fīlius
57%
Family Members brother frāter
57%
Adjectives big magnus
57%
Numbers (Cardinal) one thousand mīlle
57%
10 Basic phrases no non
57%
Numbers (Cardinal) eight octō
57%
Body Parts eye oculus
57%
Family Members girl puella
57%
Family Members boy puer
57%
Question Words what quid
57%
Family Members sister soror
57%
Numbers (Cardinal) three trēs
57%
Numbers (Cardinal) one ūnus
57%
Bonus Expressions I cam, I saw, I conquered veni, vidi, vici
57%
Months august augustus
43%
Animals bird avis
43%
Adjectives good bonus
43%
Animals dog canis
43%
Adjectives difficult difficilis
43%
Numbers (Cardinal) two duo
43%
Animals horse equus
43%
Adjectives happy laetus
43%
Adjectives bad malus
43%
Body Parts hand manus
43%
Numbers (Cardinal) nine novem
43%
Food/Drink egg ovum
43%
Body Parts foot pes
43%
Adjectives beautiful pulchra
43%
10 Basic phrases hello salvē
43%
Numbers (Cardinal) seven septem
43%
Numbers (Cardinal) six sex
43%
Subject Pronouns you
43%
Bonus Expressions word for word verbatim
43%
Food/Drink wine vinum
43%
Food/Drink meat caro
29%
Nationalities Greek Graecus
29%
Subject Pronouns he is
29%
Food/Drink milk lac
29%
Subject Pronouns we nōs
29%
Adjectives new novus
29%
Body Parts mouth os
29%
Food/Drink bread panis
29%
Bonus Expressions the current state of affairs status quo
29%
Weather wind ventus
29%
Bonus Expressions the other way around vice versa
29%
Subject Pronouns you all vōs
29%
Bonus Expressions formed for a specific purpose ad hoc
14%
Months april aprilis
14%
Seasons fall autumnus
14%
Body Parts arm bracchium
14%
Colors grey cānus
14%
Body Parts hair capillus
14%
Transportation/Travel car carrus
14%
Numbers (Cardinal) one hundred centum
14%
Body Parts heart cor
14%
Question Words why cūr
14%
Months december december
14%
Common Verbs to say dicere
14%
Subject Pronouns she ea
14%
Subject Pronouns they (masc) ei/ii
14%
Adjectives easy facilis
14%
Adjectives tired fessus
14%
Nationalities German Germanicus
14%
Common Verbs to have habere
14%
Nationalities Spanish Hispanicus
14%
Months may maius
14%
Months march martius
14%
Animals mouse mūs
14%
Body Parts nose nasus
14%
Transportation/Travel boat nāvis
14%
Months november november
14%
Months october october
14%
Adjectives small parvus
14%
Food/Drink fish piscis
14%
Around a City bridge pons
14%
Adjectives expensive pretiosus
14%
Question Words when quandō
14%
Numbers (Cardinal) four quattuor
14%
10 Basic phrases how are you? quid agis?
14%
Numbers (Cardinal) five quīnque
14%
Question Words which quod
14%
Common Verbs to know scire
14%
Months september september
14%
10 Basic phrases yes sic
14%
Adjectives sad tristis
14%
10 Basic phrases goodbye valē
14%
Common Verbs to want velle
14%
Common Verbs to come venire
14%
Adjectives old vetus
14%
Around a City street via
14%
Common Verbs to see videre
14%
Common Verbs to take accipere
0%
Transportation/Travel airport aeriportus
0%
Transportation/Travel plane aeroplanum
0%
Seasons summer aestās
0%
Colors white albus candidus
0%
Nationalities American Americanus
0%
Nationalities English Anglicus
0%
Household Items cupboard armarium
0%
Colors black āter niger
0%
Body Parts ear auris
0%
Family Members grandmother avia
0%
Family Members grandfather avus
0%
Transportation/Travel bicycle birota
0%
Bonus Expressions in good faith bona fide
0%
10 Basic phrases good evening bonum vesperum
0%
Colors blue caeruleus
0%
Weather hot calidus
0%
Fruits and Vegetables carrot carota
0%
Food/Drink cheese cāseus
0%
Animals cat cattus
0%
Body Parts leg crus
0%
Household Items bedroom cubiculum
0%
Household Items kitchen culina
0%
Days of the week thursday diēs iovis
0%
Days of the week monday diēs lūnae
0%
Days of the week tuesday diēs mārtis
0%
Days of the week wednesday diēs mercuriī
0%
Days of the week saturday diēs sāturnī
0%
Days of the week sunday diēs sōlis
0%
Days of the week friday diēs veneris
0%
Subject Pronouns they (fem) eae
0%
Around a City church ecclesia
0%
Common Verbs to be esse
0%
Common Verbs to do facere
0%
Months february februarius
0%
Household Items window fenestra
0%
Colors yellow flāvus
0%
Fruits and Vegetables strawberry fragum
0%
Weather cold frigus
0%
Colors brown fulvus
0%
Nationalities French Gallicus
0%
10 Basic phrases thank you grātiās
0%
Seasons winter hiems
0%
Around a City hospital hospitale
0%
Months january ianuarius
0%
10 Basic phrases excuse me ígnósce mihí
0%
Nationalities Indian Indicus
0%
Common Verbs to go ire
0%
Nationalities Italian Italicus
0%
Transportation/Travel trip/travel iter
0%
Months july iulius
0%
Months june iunius
0%
Household Items bathroom latrina
0%
Household Items bed lectus
0%
10 Basic phrases you're welcome libenter
0%
Fruits and Vegetables lemon limon
0%
Common Verbs to speak loqui
0%
Colors orange lūteus
0%
Fruits and Vegetables apple mālum
0%
Fruits and Vegetables banana musa
0%
Weather snow nix
0%
Numbers (Cardinal) ninety nōnāgintā
0%
Weather cloud nūbēs
0%
Numbers (Cardinal) eighty octōgintā
0%
Fruits and Vegetables peach persicum
0%
Bonus Expressions an unwelcome person persona non grata
0%
Fruits and Vegetables pear pirum
0%
Weather rain pluvia
0%
Animals pig porcus
0%
Common Verbs can/to be able to posse
0%
Food/Drink chicken pullus
0%
Colors purple purpureus
0%
Numbers (Cardinal) fourty quadrāgintā
0%
10 Basic phrases please quaeso
0%
Numbers (Cardinal) fifty quīnquāgintā
0%
Question Words how quomodo
0%
Question Words how many quot
0%
Colors pink roseus
0%
Colors red ruber
0%
Nationalities Russian Russicus
0%
Food/Drink sugar saccharum
0%
Around a City school schola
0%
Household Items chair sella
0%
Numbers (Cardinal) seventy septuāgintā
0%
Numbers (Cardinal) sixty sexāgintā
0%
Weather sun solis
0%
Household Items mirror speculum
0%
Transportation/Travel station statio
0%
Around a City store/shop taberna
0%
Household Items carpet tapete
0%
Weather storm tempestas
0%
Transportation/Travel ticket tessera
0%
Numbers (Cardinal) thirty trīgintā
0%
Question Words where ubi
0%
Fruits and Vegetables grape uva
0%
Animals cow vacca
0%
Around a City neighborhood vīcīnia
0%
Numbers (Cardinal) twenty vīgintī
0%
Colors green viridis
0%
No matching quizzes found
Score Distribution
Percent of People with Each Score
Percentile by Number Answered
Your Score History
You have not taken this quiz